| 000 | 01137nam a2200325 i 4500 | ||
|---|---|---|---|
| 001 | 7612 | ||
| 003 | KOSZ 005 | ||
| 005 | 20200111100219.0 | ||
| 008 | 070327s1973 pl a f |000 0 pol | ||
| 015 | _aPB 1973/5491 | ||
| 035 | _a(OCoLC)749585033 | ||
| 040 |
_aWA N _cWA N _dKOSZ 005/HR |
||
| 041 | 1 |
_apol _hrus |
|
| 080 | _a517 | ||
| 080 | _a(076) | ||
| 100 | 1 |
_aZaporožec, Grigorij Ivanovič _eAutor |
|
| 245 | 1 | 0 |
_aMetody rozwiązywania zadań z analizy matematycznej / _cG. I. Zaporożec ; tł. Piotr Kucharczyk. |
| 246 | 1 |
_iTyt. oryg.: _aRukovodstvo k rešeniû zadač po matematičeskomu analizu. |
|
| 250 | _aWyd. 4. | ||
| 260 |
_aWarszawa : _bWydawnictwa Naukowo-Techniczne, _c1973. |
||
| 300 |
_a561, [7] s. : _bil. ; _c23 cm. |
||
| 380 | _aKsiążki. | ||
| 658 | _aMatematyka | ||
| 655 | 4 | _aĆwiczenia i zadania | |
| 650 | 4 | _aAnaliza matematyczna | |
| 710 | 2 |
_aWydawnictwa Naukowo-Techniczne _4pbl. |
|
| 700 | 1 |
_aKucharczyk, Piotr _eTłumaczenie |
|
| 856 |
_uhttp://koha.tu.koszalin.pl/cgi-bin/koha/opac-detail.pl?biblionumber=7612 _yKatalog online BPK |
||
| 942 |
_2UKD _cKS |
||
| 999 |
_c7612 _d7612 |
||